Quản trị nhân sự

Na minha lista:
Detalhes bibliográficos
Autor principal: Nguyễn, Thanh Hội
Formato: Livro
Idioma:Undetermined
Publicado em: Hà Nội Thống Kê 2002
Assuntos:
Tags: Adicionar Tag
Sem tags, seja o primeiro a adicionar uma tag!
Thư viện lưu trữ: Trung tâm Học liệu Trường Đại học Cần Thơ
LEADER 00532nam a2200193Ia 4500
001 CTU_64501
008 210402s9999 xx 000 0 und d
020 |b 30000 
082 |a 658.3 
082 |b H452 
100 |a Nguyễn, Thanh Hội 
245 0 |a Quản trị nhân sự 
245 0 |c Nguyễn Thanh Hội 
260 |a Hà Nội 
260 |b Thống Kê 
260 |c 2002 
650 |a Personnel management 
904 |i Minh (Nguyênsửa) 
980 |a Trung tâm Học liệu Trường Đại học Cần Thơ